000
00248 a2200097 4500
001
41804
100
_a
Compton's
245
_a
Compton's Pictured Encyclopedia & Fact Index Vol-XI)
260
_a
Chicago
_b
F E Compton & Co.
_c
090
_c
25915
_d
25915
942
_a
NUST-CAE
_c
M
_c
17686
999
_c
276877
_d
276877